Detalles MARC
| 000 -CABECERA |
| campo de control de longitud fija |
02741nam a2200253 a 4500 |
| 001 - NÚMERO DE CONTROL |
| campo de control |
000022633 |
| 005 - FECHA Y HORA DE LA ÚLTIMA TRANSACCIÓN |
| campo de control |
20200930021716.0 |
| 008 - DATOS DE LONGITUD FIJA--INFORMACIÓN GENERAL |
| campo de control de longitud fija |
101014s1982 dr ac 001 0 spa d |
| 040 ## - FUENTE DE LA CATALOGACIÓN |
| Centro catalogador/agencia de origen |
DO-SdBNP |
| Lengua de catalogación |
spa |
| Centro/agencia transcriptor |
BNPHU |
| 082 ## - NÚMERO DE LA CLASIFICACIÓN DECIMAL DEWEY |
| Número de clasificación |
940.5451 |
| Número de documento/Ítem |
W766s |
| 100 1# - ENTRADA PRINCIPAL--NOMBRE DE PERSONA |
| Nombre de persona |
Windt Lavandier, César de, |
| Fechas asociadas al nombre |
1912-2007 |
| 9 (RLIN) |
46578 |
| 245 13 - MENCIÓN DE TÍTULO |
| Título |
La Segunda Guerra Mundial y los submarinos alemanes en el Caribe / |
| Mención de responsabilidad, etc. |
César de Windt Lavandier. |
| 260 ## - PUBLICACIÓN, DISTRIBUCIÓN, ETC. |
| Lugar de publicación, distribución, etc. |
San Pedro de Macorís : |
| Nombre del editor, distribuidor, etc. |
Universidad Central del Este, |
| Fecha de publicación, distribución, etc. |
1982. |
| 300 ## - DESCRIPCIÓN FÍSICA |
| Extensión |
367 p. : |
| Otras características físicas |
il., mapas ; |
| Dimensiones |
23 cm. |
| 504 ## - NOTA DE BIBLIOGRAFÍA, ETC. |
| Nota de bibliografía, etc. |
Bibliografía : p. 362 |
| 505 0# - NOTA DE CONTENIDO CON FORMATO |
| Título |
El autor y la obra -- |
| -- |
Al lector -- |
| Información miscelánea |
Parte 1. La guerra submarina en aguas americanas -- |
| Título |
Antecedentes de la guerra submarina en América -- |
| -- |
El punto de vista Estados Unidos -- |
| -- |
La neutralidad de Rosevelt -- |
| -- |
El bloqueo de las Islas Británicas -- |
| -- |
El caso del vapor Hannover -- |
| -- |
Submarinos alemanes en América -- |
| -- |
La operación Tambor Batiente (Paukenschlag) -- |
| -- |
Operación Neuland -- |
| -- |
La prensa recoge la situación en Curazao -- |
| -- |
Sabotaje -- |
| -- |
La masacre -- |
| -- |
La República Dominicana -- |
| Información miscelánea |
Parte 2. Una nueva nave, una nueva forma de hacer la guerra-- |
| Título |
El submarino -- |
| -- |
La nueva táctica -- |
| -- |
Los grandes navíos y los submarinos -- |
| -- |
El criterio del almirante Doenitz -- |
| -- |
El criterio del mariscal Goering -- |
| -- |
El arma secreta -- |
| -- |
El convoy ONS5 -- |
| -- |
El submarino U-570 -- |
| -- |
Werner Harsteinsten -- |
| -- |
Antecedentes sobre hundimientos del Atlantic, " Phyton" y el U-111 -176 -- |
| -- |
El hundimiento de U-176 -- |
| -- |
El U-126 y el corsario Atlantic -- |
| -- |
Submarinos destruidos en o cerca Mar Caribe y Golfo de México -- |
| Información miscelánea |
Parte 3. La guerra submarina y la marina dominicana -- |
| Título |
Introducción -- |
| -- |
Hundimiento del vapor "Presidente Trujillo " -- |
| -- |
Hundimiento del S.S. del Valle -- |
| -- |
El hundimiento del vapor Presidente Trujillo -- |
| -- |
La campaña submarina del eje con el Caribe -- |
| -- |
Un submarino nazi entró a Martinica -- |
| -- |
Buques hundidos en el Caribe -- |
| -- |
Los submarinos del eje hundieron el petrolero de México "Potrero del Llano" -- |
| -- |
Los comandantes Lassen y Emmermann -- |
| -- |
Las goletas Carmen y Nueva Altagracia -- |
| -- |
Otros hundidos -- |
| -- |
La prensa informa. |
| 505 0# - NOTA DE CONTENIDO CON FORMATO |
| Información miscelánea |
Apéndice -- |
| Título |
Buques hundidos por los submarinos alemanes en el Mar Caribe durante el año 1942 y suerte que corrieron dichos submarinos -- |
| -- |
Capitanes de submarinos alemanes, famosos por sus campañas en el Mar Caribe -- |
| -- |
Exitos de los submarinos en el Mar Caribe -- |
| -- |
Bibliografía. |
| 590 ## - NOTA LOCAL (RLIN) |
| Nota local |
Inventariado, 2020/YL |
| 650 #4 - PUNTO DE ACCESO ADICIONAL DE MATERIA--TÉRMINO DE MATERIA |
| Término de materia o nombre geográfico como elemento de entrada |
Guerra mundial ii, 1939-1945 |
| Subdivisión general |
Operaciones navales alemanas |
| 9 (RLIN) |
46580 |
| 650 #4 - PUNTO DE ACCESO ADICIONAL DE MATERIA--TÉRMINO DE MATERIA |
| Término de materia o nombre geográfico como elemento de entrada |
Guerra mundial ii, 1939-1945 |
| Subdivisión general |
Operaciones navales submarinas |
| 9 (RLIN) |
46579 |
| 650 #4 - PUNTO DE ACCESO ADICIONAL DE MATERIA--TÉRMINO DE MATERIA |
| Término de materia o nombre geográfico como elemento de entrada |
Guerra submarina |
| 9 (RLIN) |
46581 |
| 650 #4 - PUNTO DE ACCESO ADICIONAL DE MATERIA--TÉRMINO DE MATERIA |
| Término de materia o nombre geográfico como elemento de entrada |
Submarinos |
| 9 (RLIN) |
46582 |
| 910 ## - DATOS DE OPCIÓN DEL USUARIO (OCLC) |
| Datos de opción del usuario |
Validado. Control de calidad BNPHU |